Multiple Choice City Quiz – Frankfurt - Statistics

General Stats
  • This quiz has been taken 12,189 times
    12,179 since last reset
  • The average score is 8 of 10
Answer Stats
Question Answer % Correct
In terms of food, what is a Frankfurter? Sausage
91%
Where in Germany is Frankfurt located?
89%
Which of these organizations is based in Frankfurt? European Central Bank
87%
What incredibly wealthy family emerged from the Frankfurt ghetto in the 1700s? Rothschild
86%
What is Frankfurt's full name, based on the river on which it lies? Frankfurt am Main
81%
Which of the following does Frankfurt have? The busiest airport in Germany
76%
What else does Frankfurt have? The most skyscrapers in Germany
73%
Which of these companies is based in Frankfurt? Deutsche Bank
70%
Who wrote "Faust" and is the namesake of a university in Frankfurt? Johann Wolfgang von Goethe
70%
Who was crowned in Frankfurt? 13 different Holy Roman Emperors
42%
No matching quizzes found
Score Distribution
Percent of People with Each Score
Percentile by Number Answered
Your Score History
You have not taken this quiz since the last reset